| 000 | 00628cam a22002297a 4500 | ||
|---|---|---|---|
| 001 | 001235 | ||
| 003 | armpunfd | ||
| 005 | 20140612090635.0 | ||
| 008 | 030317e0####xx#a##########000#0#und#d | ||
| 040 |
_aarmpunfd _carmpunfd |
||
| 080 | _a340 SP 11 | ||
| 100 | 1 | 0 | _a Spaemann, Robert |
| 245 | 1 | 0 | _aCriticas de las utopias politicas |
| 260 |
_a Amplona : Eunsa _b1980. Isbn : 84-313-0626-2 |
||
| 650 | 7 |
_a Derecho Natural _2LEMB |
|
| 650 | 7 |
_a Filosofia Del Derecho _2LEMB |
|
| 650 | 7 |
_a Politica _2LEMB |
|
| 650 | 7 |
_a Teologia _2LEMB |
|
| 650 | 7 |
_a Violencia _2LEMB |
|
| 942 |
_cLB _2cdu |
||
| 945 |
_aCatalis _d2010-08-19 |
||
| 999 |
_c1226 _d231730 |
||